[Event "BCF-ch 76th"]
[Site "Plymouth"]
[Date "1989.??.??"]
[Round "?"]
[White "Adams, Michael"]
[Black "Chandler, Murray G"]
[Result "1-0"]
[WhiteElo "2505"]
[BlackElo "2585"]
[Annotator "ChessBase"]
[PlyCount "127"]
[EventDate "1989.07.??"]
[EventType "swiss"]
[EventRounds "11"]
[EventCountry "ENG"]
[SourceTitle "CBM 015"]
[Source "ChessBase"]
[SourceDate "1990.04.01"]
[SourceVersion "1"]
[SourceVersionDate "1990.04.01"]
[SourceQuality "1"]

1. e4 c5 2. Nf3 Nc6 3. d4 cxd4 4. Nxd4 Nf6 5. Nc3 e5 6. Ndb5 d6 7. Nd5 Nxd5 8.
exd5 Nb8 9. c4 Be7 10. Be2 a6 11. Nc3 O-O 12. O-O f5 13. Kh1 Nd7 14. f4 Bf6 15.
fxe5 Bxe5 16. Bf4 b6 (16... Bxc3 17. bxc3 Nc5) 17. Rc1 Ra7 18. b4 Qf6 19. Qd2
Rc7 20. Na4 Bxf4 21. Qxf4 Re8 22. Qf2 g6 23. Rfe1 Bb7 24. Bf1 Rxe1 25. Rxe1 b5
26. Re6 $1 (26. cxb5 axb5 27. Bxb5 Ne5 $13) 26... Qf8 27. Nb6 Nf6 28. Qd4 Ne4
29. c5 $1 Qh6 (29... dxc5 30. Qe5 $18) 30. c6 Kf7 31. cxb7 Qc1 (31... Rc1 32.
Kg1 Qf4 33. Re7+ $1 $18) 32. Kg1 Rxb7 33. a4 Rc7 34. Na8 Rc8 35. Qa7+ Kg8 36.
Re7 Qa1 37. Rxh7 Qf6 38. Re7 (38. Nc7 $1) 38... Kf8 39. Re6 Qg5 40. h4 Qxh4 41.
Rxg6 Qh8 42. Nc7 Kf7 43. Re6 Kg8 44. Qe3 bxa4 45. Rg6+ Kf7 46. Rh6 Qc3 47. Qa7
Kg7 48. Nb5+ Rc7 49. Nxc3 (49. Qxc7+ $1) 49... Rxa7 50. Rh3 Rb7 51. Na2 Rc7 52.
Bxa6 Rc2 53. Ra3 Kf6 54. Bf1 Ke5 55. b5 Rb2 56. Rxa4 Ng3 57. Nc1 Rb1 58. Rc4
Kxd5 59. Rc2 f4 60. Kf2 Ke5 61. Bd3 d5 62. Kf3 Rb4 (62... Ne4 63. Rc4 $1) 63.
Rc8 Nh5 64. Bg6 1-0

[Event "URS-ch58"]
[Site "Moscow"]
[Date "1991.??.??"]
[Round "4"]
[White "Yudasin, Leonid"]
[Black "Chekhov, Valery A"]
[Result "1/2-1/2"]
[WhiteElo "2595"]
[BlackElo "2525"]
[Annotator "ChessBase"]
[PlyCount "64"]
[EventDate "1991.11.??"]
[EventType "swiss"]
[EventRounds "11"]
[EventCountry "URS"]
[SourceTitle "URS-ch"]
[Source "ChessBase"]
[SourceDate "1999.07.01"]
[SourceVersion "1"]
[SourceVersionDate "1999.07.01"]
[SourceQuality "1"]

1. e4 c5 2. Nf3 Nc6 3. d4 cxd4 4. Nxd4 Nf6 5. Nc3 e5 6. Ndb5 d6 7. Bg5 a6 8.
Na3 b5 9. Nd5 Be7 10. Nxe7 Nxe7 11. Qf3 Nd7 12. b4 (12. O-O-O) 12... f6 13. Bd2
Nb6 (13... Bb7 $5 14. c4 f5 15. cxb5 Bxe4 16. Qg3 $5 (16. Qb3 $14) 16... O-O
17. bxa6 f4 18. Qb3+ $14) 14. c4 bxc4 15. Nxc4 Be6 16. Na5 (16. Nxb6 Qxb6 17.
Qe3 Qb7 $132) 16... O-O (16... d5 $6 17. Nb7 {/\ Nc5+/-}) 17. Bd3 Qd7 (17... d5
18. Nb7 $14 {|^}) (17... f5 $5) 18. Qe2 Nc6 19. Nxc6 (19. Bxa6 $2 Nd4 $40)
19... Qxc6 20. O-O (20. Bxa6 $2 Rxa6 $1 21. Qxa6 Bc4 {/\ Qe4->}) 20... Qb7 21.
Rfc1 f5 (21... d5 22. Rc5 $1 $16) 22. exf5 (22. b5 $6 axb5 $1 23. Bxb5 $5 (23.
exf5 $6 Bc4 $1 $15) 23... Qxe4) (22. a4 fxe4 23. Qxe4 Qxe4 24. Bxe4 d5 25. Bd3
Nc4 26. Bc3 $10) (22. f3 $5 $14) 22... Bxf5 23. Bxf5 (23. b5 $5 axb5 (23...
Bxd3 24. Qxd3 Nd5 $1 $14) 24. Bxb5 Be4 25. f3 Bd5 26. a4 $14) 23... Rxf5 24. b5
d5 25. g4 (25. bxa6 Qxa6 26. Qxa6 Rxa6 27. Rc6 Rf6 $15) (25. Rc6 Nc4 $132) (25.
Rc5 Nd7) 25... Rf6 26. bxa6 (26. Qxe5 Nc4 27. bxa6 Rfxa6 $15) 26... Qd7 (26...
Qxa6 27. Qxe5 $16) (26... Rxa6 27. Qxe5 Nc4 28. Qd4 $14) 27. Rc5 (27. h3 Nc4 {
/\ Rfa6|^}) (27. g5 Re6 $15) 27... Nc4 28. Rd1 Rc6 (28... Nxd2 $2 29. Rxd2 $40
{><d5, e5}) (28... Rd6 $2 29. Bb4 $1) (28... Nb2 29. Rb1 Nc4 30. Bb4 $36) 29.
Bb4 Rxc5 30. Bxc5 Qc6 31. Bb4 (31. Qf3 $6 e4 (31... Qxc5 32. Rxd5 Qf8 33. Qb3
Qf3 34. Rc5 Qxg4+ 35. Kf1 Qe6 36. Rxc4 $10 (36. Qb7 Qh3+ $13)) 32. Qf5 Qxc5 33.
Rxd5 Qc8 34. Rd7 Ne5 $1 $17) 31... e4 32. Bc3 Rxa6 (32... Rxa6 33. Rb1 {
/\ Qd1-d4}) 1/2-1/2

[Event "Khanty-Mansiysk FIDE GP (Women)"]
[Site "Khanty-Mansiysk"]
[Date "2014.04.21"]
[Round "11"]
[White "Kosintseva, Tatiana"]
[Black "Muzychuk, Anna"]
[Result "1/2-1/2"]
[WhiteElo "2496"]
[BlackElo "2560"]
[Annotator "ChessBase Website"]
[PlyCount "73"]
[EventDate "2014.04.09"]
[EventType "tourn"]
[EventRounds "11"]
[EventCountry "RUS"]
[EventCategory "10"]
[SourceTitle "CBM 160"]
[Source "ChessBase"]
[SourceDate "2014.05.15"]
[SourceVersion "1"]
[SourceVersionDate "2014.05.15"]
[SourceQuality "1"]
[TimeControl "40/5400+30:1800+30"]
[WhiteClock "1:30:00"]
[BlackClock "1:30:00"]

1. e4 {[%emt 0:00:00]} c5 {[%emt 0:00:00]} 2. Nf3 {[%emt 0:00:00]} Nc6 {
[%emt 0:00:00]} 3. d4 {[%emt 0:00:00]} cxd4 {[%emt 0:00:00]} 4. Nxd4 {[%emt 0:
00:00]} Nf6 {[%emt 0:00:01]} 5. Nc3 {[%emt 0:00:00]} e5 {[%emt 0:00:06]} 6.
Ndb5 {[%emt 0:00:05]} d6 {[%emt 0:00:09]} 7. Bg5 {[%emt 0:00:08]} a6 {[%emt 0:
00:17]} 8. Na3 {[%emt 0:00:05]} b5 {[%emt 0:00:12]} 9. Nd5 {[%emt 0:00:06]} Be7
{[%emt 0:00:16]} 10. Bxf6 {[%emt 0:00:07]} Bxf6 {[%emt 0:00:06]} 11. c4 {
[%emt 0:00:10]} Nd4 {[%emt 0:00:15] Muzychuk used an old gambit line in the
Sveshnikov (at least old for the Sveshnikov, an opening who saw its theory
blossom in the early 2000's) that forces an endgame where Black has some
compensation, but White's pawns on the queenside look rather dangerous.
Black's pieces obtained considerable play and Muzychuk obtained one of her
pawns back, but Kosintseva was just in time to perpetually attack Black's rook
and force the draw.} (11... b4 12. Nc2 O-O 13. g3 Be6 14. h4 a5 15. Bh3 Rb8 16.
Qd3 a4 17. b3 Bxd5 18. cxd5 Na5 19. O-O Qe8 20. Ne3 Bd8 21. Nf5 Rb6 22. Qe3 g6
23. Qh6 Bf6 24. Rab1 axb3 25. axb3 Qd8 26. Rfc1 Re8 27. Ne3 Bg7 28. Qg5 Rb8 29.
Nc4 Nb7 30. Qe3 Bf8 31. Ra1 Nc5 32. Na5 Ra8 33. Nc6 Qf6 34. Bf1 h5 35. Bc4 Kh7
36. Qe2 Bh6 37. Rf1 g5 38. hxg5 Qxg5 39. Qf3 Kg7 40. Nxb4 Qg4 41. Qxg4+ {
Caruana,F (2782)-Van Wely,L (2672) Wijk aan Zee 2014 1-0 (73)}) 12. cxb5 {
[%emt 0:00:20]} Be6 {[%emt 0:00:22]} 13. Bc4 {[%emt 0:00:44]} axb5 {[%emt 0:00:
41]} 14. Bxb5+ {[%emt 0:02:28]} Kf8 {[%emt 0:00:09]} 15. Bc4 {[%emt 0:03:02]}
Qa5+ {[%emt 0:00:17]} 16. Qd2 {[%emt 0:00:34]} Bd8 {[%emt 0:00:08]} 17. Qxa5 {
[%emt 0:02:01]} Bxa5+ {[%emt 0:00:06]} 18. Kd1 {[%emt 0:00:24]} f5 {[%emt 0:00:
41]} 19. f3 {[%emt 0:05:40]} Rc8 $146 {[%emt 0:01:05]} (19... Kf7 20. Nc2 Rhe8
21. b3 Nxc2 22. Kxc2 Bxd5 23. exd5 Bb4 24. a4 Ra5 25. g4 fxg4 26. fxg4 e4 27.
Raf1+ Kg6 28. h4 Rc8 29. Rf5 h6 30. h5+ Kh7 31. Rh3 Rxc4+ 32. bxc4 Rxa4 33. Rb3
{1-0 (33) Kotronias,V (2593)-Nigalidze,G (2486) Rijeka 2010}) 20. b3 {[%emt 0:
05:53]} fxe4 {[%emt 0:27:29]} 21. fxe4 {[%emt 0:00:43]} g6 {[%emt 0:00:50]} 22.
Nc2 {[%emt 0:09:09]} Bg4+ {[%emt 0:06:31]} 23. Kc1 {[%emt 0:00:23]} Be2 {
[%emt 0:00:27]} 24. Nce3 {[%emt 0:30:35]} Kg7 {[%emt 0:21:57]} 25. Kb2 {
[%emt 0:05:49]} Rhf8 {[%emt 0:05:20]} 26. Bxe2 {[%emt 0:06:24]} Rf2 {[%emt 0:
01:13]} 27. Rac1 {[%emt 0:01:21]} Rxe2+ {[%emt 0:02:35]} 28. Kb1 {[%emt 0:00:
29]} Ra8 {[%emt 0:04:43]} 29. Nc2 {[%emt 0:07:20]} Nb5 {[%emt 0:08:23]} 30. b4
{[%emt 0:04:36]} Bd8 {[%emt 0:01:15]} 31. Rce1 {[%emt 0:01:11]} Rxg2 {[%emt 0:
02:12]} 32. Reg1 {[%emt 0:01:29]} Rd2 {[%emt 0:05:51]} 33. Rd1 {[%emt 0:00:35]}
Rg2 {[%emt 0:10:18]} 34. Rdg1 {[%emt 0:00:26]} Rd2 {[%emt 0:00:05]} 35. Rd1 {
[%emt 0:00:11]} Rg2 {[%emt 0:00:24]} 36. Rdg1 {[%emt 0:00:40]} Rd2 {[%emt 0:00:
38]} 37. Rd1 {[%emt 0:00:11]} 1/2-1/2

[Event "POL-ch 59th"]
[Site "Warsaw"]
[Date "2002.05.09"]
[Round "10"]
[White "Socko, Bartosz"]
[Black "Cyborowski, Lukasz"]
[Result "1-0"]
[WhiteElo "2564"]
[BlackElo "2510"]
[Annotator "Cifuentes Parada,L"]
[PlyCount "109"]
[EventDate "2002.04.29"]
[EventType "tourn"]
[EventRounds "13"]
[EventCountry "POL"]
[EventCategory "10"]
[SourceTitle "CBM 089"]
[Source "ChessBase"]
[SourceDate "2002.08.12"]
[SourceVersion "1"]
[SourceVersionDate "2002.08.12"]
[SourceQuality "1"]

1. e4 c5 2. Nf3 Nc6 3. d4 cxd4 4. Nxd4 Nf6 5. Nc3 e5 6. Ndb5 d6 7. Bg5 a6 8.
Na3 b5 9. Nd5 Be7 10. Bxf6 Bxf6 11. c3 Bg5 12. Nc2 O-O 13. a4 (13. g3 Rb8 14.
Bg2 a5 15. O-O Be6 16. Nce3 Bxe3 17. Nxe3 Ne7 18. Kh1 Qb6 19. Qe2 b4 20. c4 Nc6
$15 21. f4 Nd4 22. Qd2 f6 23. b3 Rfd8 24. Rac1 a4 25. bxa4 Qa5 26. Nc2 Nc6 27.
Na1 Qxa4 28. Nb3 Qa6 29. Qc2 Ra8 30. Rf2 Qa7 31. Rd2 Na5 32. Qd3 Nb7 33. h3 Qb6
34. Qe2 Rdc8 35. Kh2 Rc6 36. Bf3 Kh8 37. Bg4 Bg8 38. Bd7 Rc7 39. Bb5 Rac8 40.
Rdc2 Nc5 41. f5 h6 42. g4 Qb7 43. Nxc5 Rxc5 44. Kg3 Ra8 45. Rb1 Ra3+ 46. Kh2 d5
47. exd5 Bxd5 48. Rxb4 Bf3 49. Qe1 e4 50. Rb3 Rxb3 51. axb3 Qb8+ 52. Qg3 Re5
53. Rc1 Qd6 54. Re1 Qd2+ 55. Kg1 e3 56. c5 Rxc5 57. Bc4 Rc8 58. Ra1 Bb7 59. Re1
Ra8 60. Be6 {0-1 Hunt,H-Kasparov Gary/Simultan Oakham 1997}) 13... bxa4 14.
Rxa4 a5 (14... Rb8 15. b4 a5 16. Be2 Bd7 17. b5 Ne7 18. Nxe7+ Bxe7 19. c4) (
14... Kh8 15. Nce3) (14... Bb7 15. Bc4 Na5 16. Ba2 Bc6 17. Ra3 Bb5 18. h4 Bh6
19. Nce3 $14) 15. Bc4 Rb8 16. Ra2 (16. b3 $142) 16... Kh8 17. O-O (17. Nce3 Ne7
18. O-O (18. Nxe7 $6 Bxe3 $1 19. Nc6 Bxf2+ 20. Kf1 Qc7 $1 21. Bd5 Bb6 22. Nxb8
Qxb8 $132) 18... Nxd5 19. Nxd5 f5 20. exf5 Bxf5 21. Qe2 $13 {Cheskovsky-Vukic,
Banja Luka 1981}) 17... f5 18. exf5 Bxf5 19. Nce3 Bg6 20. f3 (20. Qa4 Qc8 21.
Rd1 e4 22. b3 Bf7 23. Qa3 Qd7 24. Nf1 Ne5 $5 25. Qxa5 Qg4 26. Nde3 Bxe3 27.
Nxe3 Nf3+ $1 28. Kh1 Qf4 29. gxf3 Qxf3+ 30. Kg1 Bxc4 31. bxc4 Rf6 32. Re1 Rg6+
33. Kf1 Rf8 34. Rd2 h6 35. Qd5 Rf4 36. Qa8+ $2 (36. c5) 36... Kh7 37. Qd8 Qh3+
$19 38. Ke2 Qh5+ 39. Kf1 Qxh2 40. Nd1 Qh1+ 41. Ke2 Qf3+ 42. Kf1 Rfg4 {0-1
Socko,B-Krasenkov/Polska (ch) 2000 -78/160}) 20... Bf7 21. Qd3 Bxe3+ 22. Nxe3 (
22. Qxe3 Ne7 23. Rd1 Qc8 24. Qe4 Qc5+ 25. Kh1 Nxd5 26. Bxd5 Bg6 27. Qe2 (27.
Qc4 Qe3 $11) 27... e4 $1 28. Bxe4 Rbe8 29. Qd3 Bxe4 30. fxe4 Rf4 $44) 22...
Bxc4 23. Qxc4 (23. Nxc4 d5 24. Ne3 d4) 23... Qb6 24. Re1 Rf4 $1 (24... d5 $2
25. Qxd5 Rbd8 26. Qe4 $1 (26. Qc4 e4 27. Qxe4 Rfe8 28. Qf4 Ne5) 26... Rf4 27.
Qc2 e4 28. Ra4 $1) 25. Qd5 Rbf8 26. Kh1 (26. Qxd6 $2 e4) 26... e4 27. Nc4 (27.
fxe4 $4 Qxe3) 27... Qf2 28. Qd2 Qxd2 (28... Qc5 $2 29. Nxd6 exf3 30. Qxf4 $1
fxg2+ 31. Kxg2 Qd5+ 32. Qe4) 29. Nxd2 exf3 30. Nxf3 h6 31. h3 Rb8 32. Kg1 Rf5
33. Rd1 d5 34. Rd2 Rb5 35. Ra1 Kg8 36. Re1 Kf7 $11 37. Kf2 Rf4 (37... g5 $1 $11
) 38. Kg3 Rf5 39. Kg4 g6 40. Kg3 Rf6 41. Red1 Rf5 42. Re2 Rf6 43. Rd3 Ne7 $2 (
43... Rf5) 44. Kh2 Rb7 45. Rde3 Rfb6 46. Ne5+ Kg7 47. Nd3 $16 Ng8 48. Nc5 Rf7
49. Re8 Nf6 50. Ra8 Rb5 51. Ne6+ Kh7 52. Nd4 Rc5 53. Re6 $1 $18 Ne4 54. Ree8
Ng5 55. h4 (55. h4 Ne4 56. Ne6) 1-0

[Event "ESP-chA"]
[Site "Seville"]
[Date "2004.08.13"]
[Round "1"]
[White "Moreno Carnero, Javier"]
[Black "Cifuentes Parada, Roberto"]
[Result "1/2-1/2"]
[WhiteElo "2507"]
[BlackElo "2543"]
[Annotator "Cifuentes Parada,L"]
[PlyCount "39"]
[EventDate "2004.08.03"]
[EventType "tourn"]
[EventRounds "5"]
[EventCountry "ESP"]
[EventCategory "11"]
[SourceTitle "CBM 103"]
[Source "ChessBase"]
[SourceDate "2004.11.11"]
[SourceVersion "1"]
[SourceVersionDate "2004.11.11"]
[SourceQuality "1"]

1. e4 c5 2. Nf3 Nc6 3. d4 cxd4 4. Nxd4 Nf6 5. Nc3 e5 6. Ndb5 d6 7. Bg5 a6 8.
Na3 b5 9. Bxf6 gxf6 10. Nd5 f5 11. Bd3 Be6 12. O-O Bxd5 13. exd5 Ne7 14. Re1 $5
(14. c3) (14. Qh5) 14... Bg7 15. c3 ({Another interesting plan is} 15. Rb1 {
with the idea c2-c4 (protecting pawn b2 after Black's ...e4).}) 15... O-O 16.
Qh5 (16. Nc2 Re8 17. Qh5 e4 18. Bf1 Nxd5 19. Qxf5 Re5 20. Qh3 Nf4 21. Qg4 Ne6
22. f4 exf3 23. Qxf3 Ng5 24. Qb7 Ne4 25. Nb4 (25. Rxe4 Rb8 26. Qc6 Rb6) 25...
Re7 26. Qc6 d5 {1/2-1/2 Inarkiev,E-Babula,V/Pardubice 2003}) 16... e4 17. Bf1 {
/\ g3- Bh3, Na3-c2-e3 pressing black pawns structure.} Re8 18. Rad1 (18. Nc2
Nxd5 19. Qxf5 Re5 {transposes to the above game Inarkiev-Babula.}) (18. f3 $6
b4) 18... Rc8 $1 $146 {[%mdl 8]} (18... Qc8 19. g3 $1 (19. Nc2 Ng6 20. Nb4 Ne5
21. Nc2 Ng6 22. Nb4 Ne5 23. h3 Rb8 24. Nc2 Ng6 25. Nb4 Ne5 26. Nc2 Ng6 27. Nb4
{1/2-1/2 Bologan,V-Kramnik,V/Dortmund 2003}) 19... Ng6 20. Bh3 Re5 21. Nc2 Ne7
(21... Qc4 $6 22. Ne3 Qxa2 23. Qe2 $1 f4 24. Ra1 Qb3 25. Ra3 Qxa3 26. bxa3 fxe3
27. Qxe3 Ne7 28. Qb6 $1 $16 {Short,N-Krasenkov,M/Fide WCh KO Tripoli 2004}) 22.
Ne3 $14) 19. Nc2 (19. Re3 Rc5 $1 20. Rh3 h6 21. Rg3 f4 $1) 19... Rc5 20. Ne3 (
20. Rd2 Nxd5 21. Qxf5 Re5 22. Qh3 Nf6 (22... Qg5 23. Red1 Bf8 $13) 23. Qg3 Ne8
(23... e3 24. Rxe3 Ne4 25. Rxe4 Rxe4 26. Rxd6 $44) 24. Nd4 Qd7 25. b4 Rc8 26.
a4 Nc7 27. Nf3 Re6 28. Nd4 Re5 29. Be2 Rf8 30. f4 exf3 31. Nxf3 Re6 32. Red1
Qe7 33. Bd3 Kh8 34. Bf5 Rh6 35. Rxd6 Qe3+ 36. Kh1 Qxc3 37. Rxh6 Bxh6 38. Qh4
Qg7 39. Qe7 Ne8 40. Ne5 Bg5 41. Qc5 Bf4 42. Nd3 Bd6 43. Qc6 bxa4 44. Qxa6 Qh6
45. Ne5 Qf6 46. Nc4 Qxf5 47. Nxd6 {1/2-1/2 Rodriguez Guerrero,E-Gengler,P/
Izmir TUR 2004}) (20. f3 $2 Nxd5 21. Qxf5 Nxc3 22. Qxc5 Nxd1 23. Qc6 Qc8 $1 24.
Qxc8 Rxc8 25. Rxd1 Rxc2 26. fxe4 Rxb2 $19) (20. Ne3 f4 21. Nf5 Nxf5 22. Qxf5
Qf6 23. Qxf6 Bxf6 24. Bd3 $1 e3 $11 (24... Rxd5 25. f3 $1)) 1/2-1/2